000 01836nas a2200277Ia 4500
001 R050-S0528
003 IT-CnALBA
008 170116c99999999xx |||||||||||| ||und||
040 _aIT-CnALBA
_cIT-CnALBA
041 _aITALIANO
100 _aMETICA GIOVANNI
210 _aNUOVA ANTOLOGIA
222 _aNUOVA ANTOLOGIA
245 0 _aNUOVA ANTOLOGIA. MAGGIO GIUGNO 1881. II SERIE. VOL. XXVII.
_b RIVISTA DI LETTERE SCIENZE ARTI
250 _a1a ed.
260 _a ROMA
_bDIREZIONE NUOVA ANTOLOGIA
_c1881 [1° Ed.:1881 - Ed.Ling.Originale: 1881]
300 _a727 p.
310 _aVARIA
362 _aFascicolo: 9-12 / (1881)
500 _aSAN FRANCESCO DANTE GIOTTO. PRIMI PASSI DI MAURIZIO BUFALINI. LE CINTE MURALI DI ROMA, QUARENGHI C. NONNO! RACCONTO, FARINA S. IL TEATRO DI GUERRA IN TUNUSIA, BARATIERI O. LA VITA DELLE BESTIE NEL PROVERBIO DEI GRECI E ROMANI, BONGHI. RASSEGNA LETTERATURE STRANIERE. RASSEGNA POLITICA. IL MINISTERO RINVIATO DAVANTI ALLA CAMERA. NECESSITÀ DELLA SOLUZIONE. NUOVO GIUDIZIO DELLA CAMERA. IL CONTEGNO DELLA FRANCIA VERSO IL BEY. ULTIMA NOTA DELLA POTENZA DELLA GRECIA. BOLLETTINO BIBLIOGRAFICO.
501 _aSocietà San Paolo EM - Piazza San Paolo, 14 - 12051 ALBA (CN) (non commercial uses only) ® Copyright 2017
520 _aSAN FRANCESCO DANTE GIOTTO. PRIMI PASSI DI MAURIZIO BUFALINI. LE CINTE MURALI DI ROMA, QUARENGHI C. NONNO! RACCONTO, FARINA S. IL TEATRO DI GUERRA IN TUNUSIA, BARATIERI O. LA VITA DELLE BESTIE NEL PROVERBIO DEI GRECI E ROMANI, BONGHI. RASSEGNA LETTERATURE STRANIERE. RASSEGNA POLITICA. IL MINISTERO RINVIATO DAVANTI ALLA CAMERA. NECESSITÀ DELLA SOLUZIONE. NUOVO GIUDIZIO DELLA CAMERA. IL CONTEGNO DELLA FRANCIA VERSO IL BEY. ULTIMA NOTA DELLA POTENZA DELLA GRECIA. BOLLETTINO BIBLIOGRAFICO.
650 _aPERIODICI
942 _cCR
957 _71
999 _a62094
_bSI
_g1
_c329120
_d329120